000 00342nam a2200133Ia 4500
008 240624s9999 xx 000 0 und d
041 _aeng
082 _a346.07 BER
100 _aBERNITZ ULF U
245 _aCOMPANY LAW AND ECONOMIC PROTECTIONISM N
260 _c2011
_aUSA
_bOxford University Press
300 _a400 : p.
365 _cBPS
_b29
999 _c21410
_d21410